000 01030nas a2200313 4500
001 BR0505239
003 BR-BrBNA
005 20231205105706.0
007 ta
008 230509b bl.|||p| |||| 00| 00por d
040 _aBR-BrBNA
_bpor
_cBiblioteca Nacional de Agricultura
041 _a(Pt)
072 _aF70
100 1 _aCarvalho, D.A. de
100 1 _aOliveira Filho, A.T. de
100 1 _aBerg, E. von den
100 1 _aFontes, M.A.L.
100 1 _aVilela, E. de A.
100 1 _aMarques, J.J.G. de S. e M.
100 1 _aCarvalho, W.A.C.
245 1 _aVariações florísticas e estruturais do componente arbóreo de uma floresta ombrófila alto-montana às margens do rio Grande, Bocaina de Minas, MG, Brasil
650 _aFLORA
650 _aDIVERSIFICAÇÃO DE CULTURA
650 _aFLORESTA
650 _aMINAS GERAIS
773 0 _tActa Botanica Brasilica (Brazil)
_xISSN 0102-3306
_g(Jan-Mar 2005), v. 19(1) p. 91-109
_wBR0505239
909 _a202311
_bLúcia
_c55
_dLúcia Elande
942 _2AGRIS
_n0
_cANA
999 _c184178
_d184178